Análisis técnico-comparativo de arenas para plantas de tratamiento de filtros lentos

Guardado en:
書目詳細資料
主要作者: Campos Espinoza, José Luis
格式: 圖書
出版: San José, Costa Rica 1992
主題:
標簽: 添加標簽
沒有標簽, 成為第一個標記此記錄!

MARC

LEADER 00000nam a2200000Ia 4500
003 005444
005 20221231144323.0
008 140114s1992 cr a m 000 ||s d
040 |c cru CEDI 
090 |a TFG 2596 
100 |a Campos Espinoza, José Luis  |9 12491 
245 |a Análisis técnico-comparativo de arenas para plantas de tratamiento de filtros lentos 
260 |c 1992  |a San José, Costa Rica 
300 |a  [113] hojas : ilustraciones ; 27 cm.  
500 |a  Proyecto de graduacion (licenciatura en ingenieria civil)--Universidad de Costa Rica. Facultad de Ingeniería. Escuela de Ingenieria Civil 
650 |x PURIFICACION DEL AGUA   |x FILTRACION  |9 12492 
942 |c TFG 
999 |c 20124  |d 20124